| 000 | 00768cam a22002894i 4500 | ||
|---|---|---|---|
| 001 | UByD004409 | ||
| 003 | AR-LpoUNG | ||
| 005 | 20260520144443.0 | ||
| 006 | a gr 000 d | ||
| 007 | ta | ||
| 008 | 260520s2005 ag gr 000 d spa d | ||
| 015 | _aAR-2005 | ||
| 020 | _a9871156332 | ||
| 040 |
_aAR-BaBN _bspa _cAR-BaBN _erda _dAR-LpoUNG |
||
| 041 | 0 | _aspa | |
| 044 |
_aag _car-c |
||
| 082 | 0 | _aA861 438reb | |
| 100 | 1 |
_aBellessi, Diana _eautora _4aut |
|
| 245 | 1 | 3 | _aLa rebelión del instante |
| 250 | _a1a ed. | ||
| 260 |
_aBuenos Aires : _bAdriana Hidalgo, _c2005. |
||
| 300 | _a171 páginas | ||
| 650 | 4 | _aLiteratura argentina | |
| 650 | 4 | _aPoesía | |
| 942 |
_2ddc _cLIB |
||
| 999 |
_c67565 _d67565 |
||